[Event "13. Open del Sants 2011"]
[Site "Barcelona ESP"]
[Date "2011.08.26"]
[Round "8.19"]
[White "Castellanos Rodriguez, Renier"]
[Black "Hadzimanolis, Antonios"]
[Result "1-0"]
[WhiteElo "2497"]
[BlackElo "2322"]
[PlyCount "73"]
[EventDate "2011.08.19"]
[EventType "swiss"]
[EventRounds "10"]
[EventCountry "ESP"]
[Source "lmi"]
[SourceDate "2011.08.19"]

1. e4 e5 2. Nf3 Nc6 3. Bb5 a6 4. Ba4 Nf6 5. d3 b5 6. Bb3 Be7 7. O-O d6 8. c3
Na5 9. Bc2 c5 10. Nbd2 O-O 11. Re1 Re8 12. Nf1 h6 13. Ng3 Bf8 14. d4 cxd4 15.
cxd4 Qc7 16. d5 Bg4 17. Bd3 Rec8 18. Rb1 g6 19. h3 Bd7 20. b3 Be8 21. Bd2 Nb7
22. b4 Nd7 23. Nh2 Bg7 24. Ng4 h5 25. Nh6+ Kf8 26. Nxh5 gxh5 27. Qxh5 Nf6 28.
Qh4 Ng8 29. Nf5 Qd8 30. Bg5 f6 31. Qh7 Qd7 32. Bd2 Qf7 33. Qh4 Qh5 34. Qg3 Bg6
35. Be2 Qh7 36. Bg4 Rc4 37. Rbc1 1-0

[Event "13. Open del Sants 2011"]
[Site "Barcelona ESP"]
[Date "2011.08.26"]
[Round "8.20"]
[White "Leniart, Arkadiusz"]
[Black "Ryan, Joseph"]
[Result "1-0"]
[WhiteElo "2455"]
[BlackElo "2267"]
[PlyCount "95"]
[EventDate "2011.08.19"]
[EventType "swiss"]
[EventRounds "10"]
[EventCountry "ESP"]
[Source "lmi"]
[SourceDate "2011.08.19"]

1. c4 e6 2. Nc3 d5 3. d4 Be7 4. Nf3 Nf6 5. cxd5 exd5 6. Bg5 c6 7. Qc2 g6 8. e3
Bf5 9. Bd3 Bxd3 10. Qxd3 O-O 11. h4 Nbd7 12. a3 Re8 13. Nd2 a5 14. Kf1 h5 15.
Re1 Kg7 16. g3 Nh7 17. Bf4 Ndf6 18. Nf3 Bd6 19. Ne5 Nf8 20. Kg2 Ne6 21. Re2 Qe7
22. Rhe1 Rad8 23. Qd2 Nd7 24. Nd3 Nb6 25. Bxd6 Qxd6 26. Nb1 Nc4 27. Qc3 Kg8 28.
b3 Nxa3 29. Nxa3 Qxa3 30. Ra1 Qe7 31. Rxa5 g5 32. hxg5 Nxg5 33. f3 h4 34. gxh4
Ne6 35. Ra1 Kh8 36. Rh1 Rg8+ 37. Kf2 Rg7 38. Ne5 Rdg8 39. Qd3 c5 40. h5 Rh7 41.
dxc5 Qg5 42. Ng4 f5 43. Qc3+ d4 44. exd4 fxg4 45. Rxe6 gxf3 46. d5+ Rhg7 47.
Rg6 Qe7 48. Rh6# 1-0

[Event "13. Open del Sants 2011"]
[Site "Barcelona ESP"]
[Date "2011.08.27"]
[Round "9.1"]
[White "Iturrizaga, Eduardo"]
[Black "Sadler, Matthew D"]
[Result "1/2-1/2"]
[WhiteElo "2603"]
[BlackElo "2625"]
[PlyCount "55"]
[EventDate "2011.08.19"]
[EventType "swiss"]
[EventRounds "10"]
[EventCountry "ESP"]
[Source "lmi"]
[SourceDate "2011.08.19"]

1. d4 e6 2. Nf3 f5 3. Bg5 Be7 4. Bxe7 Qxe7 5. Qd3 Nf6 6. Nbd2 b6 7. g3 Bb7 8.
Bg2 O-O 9. O-O Nc6 10. a3 Nd8 11. c4 Nf7 12. Ne5 Bxg2 13. Kxg2 Ng5 14. Qe3 Nge4
15. Nxe4 fxe4 16. h3 Qe8 17. f3 d6 18. Ng4 exf3+ 19. exf3 Qd7 20. Rae1 Rae8 21.
Nxf6+ gxf6 22. Qd3 d5 23. Rf2 Re7 24. Rfe2 Rd8 25. cxd5 Qxd5 26. Qa6 Qxd4 27.
Qxa7 e5 28. Qb7 1/2-1/2

[Event "13. Open del Sants 2011"]
[Site "Barcelona ESP"]
[Date "2011.08.27"]
[Round "9.2"]
[White "Smeets, Jan"]
[Black "Lalith, Babu M R"]
[Result "1-0"]
[WhiteElo "2628"]
[BlackElo "2495"]
[PlyCount "75"]
[EventDate "2011.08.19"]
[EventType "swiss"]
[EventRounds "10"]
[EventCountry "ESP"]
[Source "lmi"]
[SourceDate "2011.08.19"]

1. e4 c6 2. d4 d5 3. Nc3 dxe4 4. Nxe4 Bf5 5. Ng3 Bg6 6. h4 h6 7. Nf3 Nd7 8. h5
Bh7 9. Bd3 Bxd3 10. Qxd3 e6 11. Bd2 Ngf6 12. O-O-O Be7 13. Kb1 O-O 14. Ne4 Nxe4
15. Qxe4 Nf6 16. Qe2 Qd5 17. Ne5 c5 18. dxc5 Qe4 19. Qe3 Rfc8 20. c6 bxc6 21.
Qg3 Kf8 22. f3 Qa4 23. b3 Qb5 24. Bc3 Rd8 25. Qf4 Rd5 26. Bd4 Qb8 27. c4 Rd8
28. g4 c5 29. Bb2 Rxd1+ 30. Rxd1 Qb7 31. g5 hxg5 32. Qxg5 Rd8 33. Rxd8+ Bxd8
34. h6 gxh6 35. Qxh6+ Kg8 36. Ng4 Qxf3 37. Nxf6+ Bxf6 38. Bxf6 1-0

[Event "13. Open del Sants 2011"]
[Site "Barcelona ESP"]
[Date "2011.08.27"]
[Round "9.3"]
[White "Kovalyov, Anton"]
[Black "Delgado Ramos, Hector"]
[Result "1/2-1/2"]
[WhiteElo "2612"]
[BlackElo "2488"]
[PlyCount "109"]
[EventDate "2011.08.19"]
[EventType "swiss"]
[EventRounds "10"]
[EventCountry "ESP"]
[Source "lmi"]
[SourceDate "2011.08.19"]

1. Nf3 d5 2. d4 c6 3. c4 Nf6 4. e3 Bf5 5. Nc3 e6 6. Nh4 Bg6 7. Be2 Nbd7 8. O-O
Ne4 9. Nxg6 hxg6 10. cxd5 exd5 11. Nxe4 dxe4 12. d5 Bd6 13. g3 c5 14. Qa4 Qe7
15. Bb5 O-O-O 16. Bxd7+ Rxd7 17. b4 Qe5 18. bxc5 Bxc5 19. Ba3 Bxa3 20. Qxa7 Bd6
21. Rfc1+ Kd8 22. Qa8+ Bb8 23. Rab1 Ke7 24. Rxb7 Rhd8 25. Rxd7+ Kxd7 26. a4 Ke7
27. Qb7+ Rd7 28. Qb4+ Bd6 29. Qb5 Ba3 30. Rd1 Qb2 31. Qc6 Bd6 32. a5 Rc7 33.
Qa4 Qc2 34. Qa1 Qc3 35. Qb1 Qc2 36. Qa1 Qc3 37. Qb1 f5 38. a6 Qa5 39. Qb2 Qc3
40. Qxc3 Rxc3 41. Ra1 Rc8 42. a7 Ra8 43. Ra6 Kd7 44. h4 Be5 45. Rxg6 Rxa7 46.
Rg5 Kd6 47. Rxf5 Kxd5 48. Kg2 Ra2 49. Rg5 Ke6 50. Rg4 Kf5 51. Rg5+ Kf6 52. Rg4
Ra4 53. Kf1 Ke6 54. Kg2 Bf6 55. Rf4 1/2-1/2

[Event "13. Open del Sants 2011"]
[Site "Barcelona ESP"]
[Date "2011.08.27"]
[Round "9.4"]
[White "Cordova, Emilio"]
[Black "Jimenez Fraga, Pedro Alejandro"]
[Result "1/2-1/2"]
[WhiteElo "2567"]
[BlackElo "2464"]
[PlyCount "37"]
[EventDate "2011.08.19"]
[EventType "swiss"]
[EventRounds "10"]
[EventCountry "ESP"]
[Source "lmi"]
[SourceDate "2011.08.19"]

1. Nf3 Nf6 2. b3 d6 3. g3 g6 4. Bg2 Bg7 5. Bb2 e5 6. d3 O-O 7. Nbd2 Nh5 8. Rb1
f5 9. c4 Qe7 10. Qc2 Nc6 11. a3 Bd7 12. O-O Rae8 13. e3 g5 14. b4 g4 15. Ne1 f4
16. b5 Nd8 17. Bd5+ Kh8 18. exf4 exf4 19. Ng2 1/2-1/2

[Event "13. Open del Sants 2011"]
[Site "Barcelona ESP"]
[Date "2011.08.27"]
[Round "9.5"]
[White "Alvarez Pedraza, Aramis"]
[Black "Mirzoev, Azer"]
[Result "1/2-1/2"]
[WhiteElo "2551"]
[BlackElo "2415"]
[PlyCount "134"]
[EventDate "2011.08.19"]
[EventType "swiss"]
[EventRounds "10"]
[EventCountry "ESP"]
[Source "lmi"]
[SourceDate "2011.08.19"]

1. e4 e5 2. Nf3 Nc6 3. Bc4 Bc5 4. c3 Nf6 5. d3 d6 6. Bb3 a6 7. O-O Ba7 8. h3 h6
9. Be3 O-O 10. Nbd2 Re8 11. Nh2 Be6 12. Bxe6 Rxe6 13. Bxa7 Rxa7 14. f4 exf4 15.
Rxf4 Ne5 16. Qc2 c5 17. Rff1 b5 18. Nhf3 Qb6 19. c4 Nxf3+ 20. Rxf3 Nd7 21. b3
Ne5 22. Rf2 b4 23. a4 bxa3 24. Rxa3 Re8 25. Rf1 Rb8 26. Rfa1 Nc6 27. Nf3 a5 28.
Qd2 Rab7 29. Kh1 Qc7 30. Qc3 Rb4 31. d4 cxd4 32. Nxd4 Nxd4 33. Qxd4 Rxb3 34.
Rxb3 Rxb3 35. Qd5 Qb6 36. e5 dxe5 37. Qxe5 a4 38. Qe8+ Kh7 39. Qxa4 Qb7 40. c5
Rxh3+ 41. Kg1 Rc3 42. Qd4 Qb3 43. Rf1 Qc4 44. Qxc4 Rxc4 45. Rxf7 Rxc5 46. Ra7
Kg6 47. Kh2 Re5 48. Kg3 Kf6 49. Kg4 Rg5+ 50. Kf3 h5 51. Ra6+ Kf7 52. Rb6 Rf5+
53. Kg3 g6 54. Kh3 Rg5 55. Rb4 Kg7 56. g4 Kh6 57. gxh5 Rxh5+ 58. Kg3 Ra5 59.
Rh4+ Kg7 60. Rb4 Ra6 61. Kg4 Kh6 62. Kg3 g5 63. Kg4 Kg6 64. Rc4 Rb6 65. Ra4 Rc6
66. Rb4 Rf6 67. Rc4 Rf4+ 1/2-1/2

[Event "13. Open del Sants 2011"]
[Site "Barcelona ESP"]
[Date "2011.08.27"]
[Round "9.6"]
[White "Handke, Florian"]
[Black "Narciso Dublan, Marc"]
[Result "0-1"]
[WhiteElo "2518"]
[BlackElo "2544"]
[PlyCount "80"]
[EventDate "2011.08.19"]
[EventType "swiss"]
[EventRounds "10"]
[EventCountry "ESP"]
[Source "lmi"]
[SourceDate "2011.08.19"]

1. e4 e5 2. Nf3 Nc6 3. Bb5 a6 4. Ba4 Nf6 5. O-O Nxe4 6. d4 b5 7. Bb3 d5 8. dxe5
Be6 9. Qe2 Bc5 10. Nc3 Nxc3 11. bxc3 O-O 12. a4 Rb8 13. Rd1 Ne7 14. c4 c6 15.
Be3 Bxe3 16. Qxe3 bxc4 17. Bxc4 Qc8 18. Bd3 c5 19. Ng5 Bf5 20. c3 h6 21. Nf3
Bxd3 22. Qxd3 Qc6 23. Rdb1 Ng6 24. g3 Rfd8 25. a5 Nf8 26. Rb6 Rxb6 27. axb6
Qxb6 28. Rxa6 Qb7 29. Ra1 Ne6 30. Rb1 Qa8 31. h4 Qa3 32. Rd1 Rb8 33. Nh2 c4 34.
Qf3 d4 35. cxd4 c3 36. Qc6 Qb3 37. Re1 Nxd4 38. Qc5 Qb4 39. Qa7 c2 40. Kf1
Qxe1+ 0-1

[Event "13. Open del Sants 2011"]
[Site "Barcelona ESP"]
[Date "2011.08.27"]
[Round "9.7"]
[White "Kunte, Abhijit"]
[Black "Adhiban, B."]
[Result "1/2-1/2"]
[WhiteElo "2528"]
[BlackElo "2542"]
[PlyCount "36"]
[EventDate "2011.08.19"]
[EventType "swiss"]
[EventRounds "10"]
[EventCountry "ESP"]
[Source "lmi"]
[SourceDate "2011.08.19"]

1. Nf3 d5 2. c4 d4 3. g3 c5 4. b4 cxb4 5. a3 f6 6. Bg2 e5 7. O-O Nc6 8. d3 a5
9. e3 Bc5 10. exd4 Bxd4 11. Nxd4 Qxd4 12. Ra2 Nge7 13. Be3 Qd6 14. Nd2 Bf5 15.
axb4 Nxb4 16. Ra3 O-O 17. Bxb7 Bxd3 18. Bxa8 Rxa8 1/2-1/2

[Event "13. Open del Sants 2011"]
[Site "Barcelona ESP"]
[Date "2011.08.27"]
[Round "9.8"]
[White "Leniart, Arkadiusz"]
[Black "Gopal, G N."]
[Result "1/2-1/2"]
[WhiteElo "2455"]
[BlackElo "2576"]
[PlyCount "110"]
[EventDate "2011.08.19"]
[EventType "swiss"]
[EventRounds "10"]
[EventCountry "ESP"]
[Source "lmi"]
[SourceDate "2011.08.19"]

1. d4 d5 2. c4 c6 3. Nc3 Nf6 4. Nf3 a6 5. c5 Bf5 6. Bf4 Nbd7 7. e3 Nh5 8. Nh4
Nxf4 9. Nxf5 Ne6 10. Bd3 g6 11. Ng3 Bg7 12. O-O O-O 13. Nge2 Nc7 14. f4 e6 15.
Qe1 Qe7 16. Qg3 b6 17. b4 Nb5 18. Rac1 Nxc3 19. Nxc3 a5 20. b5 bxc5 21. bxc6
Nb8 22. c7 Qxc7 23. Nb5 Qe7 24. Rxc5 Na6 25. Rcc1 Nb4 26. Bb1 Rac8 27. a3 Nc6
28. Qe1 Na7 29. a4 Rxc1 30. Qxc1 Rc8 31. Qb2 Bf8 32. Nxa7 Qxa7 33. Bd3 Qc7 34.
Ba6 Qc3 35. Qxc3 Rxc3 36. Kf2 Bb4 37. Bb5 h6 38. h4 h5 39. Kf3 Kg7 40. g3 Ba3
41. Rd1 Bb4 42. Rf1 Kf6 43. Rd1 Ke7 44. Rg1 Rc2 45. Rg2 Rc1 46. Bd3 Rd1 47. Bb5
Rc1 48. Bd3 Rc3 49. Bb5 Kf6 50. Ra2 Kg7 51. Ke2 Rc1 52. Kf3 Kf6 53. Bd3 Rd1 54.
Bb5 Rc1 55. Bd3 Ke7 1/2-1/2

[Event "13. Open del Sants 2011"]
[Site "Barcelona ESP"]
[Date "2011.08.27"]
[Round "9.9"]
[White "Perez Mitjans, Orelvis"]
[Black "Swiercz, Dariusz"]
[Result "1-0"]
[WhiteElo "2452"]
[BlackElo "2553"]
[PlyCount "87"]
[EventDate "2011.08.19"]
[EventType "swiss"]
[EventRounds "10"]
[EventCountry "ESP"]
[Source "lmi"]
[SourceDate "2011.08.19"]

1. e4 c5 2. Nf3 d6 3. d4 cxd4 4. Nxd4 Nf6 5. Nc3 a6 6. h3 e6 7. g4 Nc6 8. Bg2
Nd7 9. Be3 Be7 10. Qe2 O-O 11. O-O-O Nxd4 12. Bxd4 b5 13. e5 d5 14. Qe3 b4 15.
Ne2 a5 16. Kb1 a4 17. Nc1 Ba6 18. f4 Qc7 19. h4 Rfc8 20. Rd2 Nb8 21. g5 Nc6 22.
Bb6 Qb7 23. Qg1 b3 24. cxb3 axb3 25. g6 bxa2+ 26. Ka1 hxg6 27. h5 g5 28. h6 g6
29. f5 Kh7 30. fxg6+ fxg6 31. Rf2 Rf8 32. Bh3 Rxf2 33. Bxf2 Rb8 34. b3 Nxe5 35.
Bd4 Nc6 36. Bxe6 Bc4 37. Qf2 Bc5 38. Bxc5 Qc7 39. Qf6 Bxb3 40. Nxb3 Ne5 41. Bd4
Rxb3 42. Qg7+ Qxg7 43. hxg7+ Kxg7 44. Bxe5+ 1-0

[Event "13. Open del Sants 2011"]
[Site "Barcelona ESP"]
[Date "2011.08.27"]
[Round "9.10"]
[White "Aroshidze, Levan"]
[Black "Kanarek, Marcel"]
[Result "1-0"]
[WhiteElo "2539"]
[BlackElo "2435"]
[PlyCount "63"]
[EventDate "2011.08.19"]
[EventType "swiss"]
[EventRounds "10"]
[EventCountry "ESP"]
[Source "lmi"]
[SourceDate "2011.08.19"]

1. e4 c5 2. Nf3 d6 3. d4 cxd4 4. Nxd4 Nf6 5. Nc3 g6 6. Be3 Bg7 7. f3 O-O 8. Qd2
Nc6 9. Bc4 Bd7 10. O-O-O Rc8 11. Bb3 Ne5 12. Kb1 Nc4 13. Bxc4 Rxc4 14. g4 b5
15. h4 b4 16. Nce2 Qc7 17. h5 Rc8 18. hxg6 fxg6 19. Nf4 e5 20. Nde6 exf4 21.
Nxc7 fxe3 22. Qxd6 R8xc7 23. e5 R4c6 24. Qxb4 Ne8 25. Qb3+ Be6 26. Qxe3 Rxc2
27. Rd8 Bf7 28. f4 R7c5 29. Rb8 Bd5 30. Rxe8+ Kf7 31. Rd1 Kxe8 32. Rxd5 1-0

[Event "13. Open del Sants 2011"]
[Site "Barcelona ESP"]
[Date "2011.08.27"]
[Round "9.12"]
[White "Rios, Cristhian Camilo"]
[Black "Castellanos Rodriguez, Renier"]
[Result "1-0"]
[WhiteElo "2424"]
[BlackElo "2497"]
[PlyCount "115"]
[EventDate "2011.08.19"]
[EventType "swiss"]
[EventRounds "10"]
[EventCountry "ESP"]
[Source "lmi"]
[SourceDate "2011.08.19"]

1. d4 Nf6 2. c4 g6 3. Nc3 Bg7 4. e4 d6 5. f3 O-O 6. Bg5 c5 7. d5 e6 8. Qd2 exd5
9. Nxd5 Be6 10. Ne2 Bxd5 11. cxd5 b5 12. a4 b4 13. Rc1 Nbd7 14. Ng3 Qa5 15. b3
Rfc8 16. Bh6 Bxh6 17. Qxh6 c4 18. Bxc4 Qb6 19. Qg5 Qd4 20. Nf5 Qe5 21. O-O Kh8
22. f4 Qxe4 23. Nxd6 Qe3+ 24. Kh1 Rf8 25. Qg3 Qb6 26. Nb5 a6 27. a5 Qxa5 28.
Nd4 Qc5 29. Nf3 Rae8 30. Ng5 Qd6 31. Qh4 Kg7 32. Rcd1 Nc5 33. Nf3 Re4 34. Nd4
Nfd7 35. Ne6+ fxe6 36. dxe6 Rd4 37. Rxd4 Qxd4 38. Qe7+ Kh6 39. Qxf8+ Nxf8 40.
e7 Nfd7 41. e8=Q Ne4 42. g3 a5 43. Re1 Nd2 44. Rd1 Qc3 45. Be2 Qc6+ 46. Kg1
Qc5+ 47. Kg2 Nf6 48. Qe5 Qc6+ 49. Kh3 Nde4 50. Kh4 Qc5 51. Qxc5 Nxc5 52. Bc4
Nfe4 53. Rd5 Kg7 54. Bd3 Nxd3 55. Rxd3 Nc5 56. Re3 Kf6 57. Kg4 h5+ 58. Kf3 1-0

[Event "13. Open del Sants 2011"]
[Site "Barcelona ESP"]
[Date "2011.08.27"]
[Round "9.13"]
[White "Marin, Mihail"]
[Black "Fernandez Garcia, Jose Miguel"]
[Result "1/2-1/2"]
[WhiteElo "2548"]
[BlackElo "2285"]
[PlyCount "81"]
[EventDate "2011.08.19"]
[EventType "swiss"]
[EventRounds "10"]
[EventCountry "ESP"]
[Source "lmi"]
[SourceDate "2011.08.19"]

1. d4 Nf6 2. Nf3 c5 3. e3 d5 4. c4 cxd4 5. exd4 Nc6 6. Nc3 e6 7. cxd5 exd5 8.
Bb5 Bd6 9. O-O O-O 10. h3 h6 11. Re1 Bf5 12. Ne5 Nb4 13. Ba4 Rc8 14. Bf4 Ne4
15. Qh5 Bg6 16. Qf3 Bxe5 17. Bxe5 Nxc3 18. bxc3 Nd3 19. Re3 Rxc3 20. Qg3 Qa5
21. Bd6 Rfc8 22. Bd7 Rc1+ 23. Rxc1 Rxc1+ 24. Kh2 Qd2 25. Bf4 Nxf4 26. Qxf4 Kh7
27. Be8 Rc2 28. Bxf7 Qxf2 29. Bxg6+ Kxg6 30. Qg4+ Kh7 31. Rf3 Qd2 32. Qf5+ Kh8
33. Qf8+ Kh7 34. Qf5+ Kh8 35. Rg3 Rc7 36. Qf8+ Kh7 37. Qf5+ Kh8 38. Qxd5 Qf4
39. Qe6 Qxd4 40. Qe8+ Kh7 41. Qg6+ 1/2-1/2

[Event "13. Open del Sants 2011"]
[Site "Barcelona ESP"]
[Date "2011.08.27"]
[Round "9.15"]
[White "Cuartas Jaime, Alexander"]
[Black "Cruz, Filemon"]
[Result "1-0"]
[WhiteElo "2542"]
[BlackElo "2406"]
[PlyCount "51"]
[EventDate "2011.08.19"]
[EventType "swiss"]
[EventRounds "10"]
[EventCountry "ESP"]
[Source "lmi"]
[SourceDate "2011.08.19"]

1. e4 e6 2. d4 d5 3. Nc3 Bb4 4. e5 b6 5. a3 Bf8 6. Bb5+ Bd7 7. Bd3 c5 8. Nf3 c4
9. Bf1 b5 10. g3 Bc6 11. h4 h5 12. Bh3 Nd7 13. Ng5 Nb6 14. Qf3 Qe7 15. Ne2 g6
16. Nf4 Bd7 17. O-O Rh6 18. b3 a5 19. Re1 cxb3 20. cxb3 Rh8 21. Qd3 Rh6 22. Bd2
Ra7 23. Rac1 Qd8 24. Qf3 Qe7 25. Rc2 Rh8 26. Bxe6 1-0

[Event "13. Open del Sants 2011"]
[Site "Barcelona ESP"]
[Date "2011.08.27"]
[Round "9.16"]
[White "Bacallao Alonso, Yusnel"]
[Black "Panelo, Marcelo"]
[Result "0-1"]
[WhiteElo "2532"]
[BlackElo "2413"]
[PlyCount "90"]
[EventDate "2011.08.19"]
[EventType "swiss"]
[EventRounds "10"]
[EventCountry "ESP"]
[Source "lmi"]
[SourceDate "2011.08.19"]

1. e4 e5 2. Nf3 Nc6 3. Bb5 a6 4. Ba4 Nf6 5. O-O Be7 6. Re1 b5 7. Bb3 d6 8. c3
O-O 9. h3 Nb8 10. d4 Nbd7 11. Nbd2 Bb7 12. Bc2 Re8 13. a4 Bf8 14. Bd3 c6 15. b3
g6 16. Bb2 Bg7 17. Qc2 Nh5 18. Bf1 Nf4 19. b4 Nb6 20. axb5 axb5 21. dxe5 dxe5
22. c4 bxc4 23. Nxc4 Nxc4 24. Bxc4 Rxa1 25. Rxa1 h6 26. Qb3 Qc7 27. Ra7 Re7 28.
Ba6 Qb6 29. Rxb7 Rxb7 30. Bxb7 Qxb7 31. Nxe5 c5 32. Qf3 g5 33. Kh2 cxb4 34. g3
Ne6 35. Qf5 Qc7 36. Kg2 b3 37. h4 Qb7 38. Kh2 gxh4 39. gxh4 Qe7 40. Kg2 Qf6 41.
Qg4 h5 42. Qg3 Nf4+ 43. Kh2 Ne2 44. Nc4 Nxg3 45. Bxf6 Nf1+ 0-1

[Event "13. Open del Sants 2011"]
[Site "Barcelona ESP"]
[Date "2011.08.27"]
[Round "9.17"]
[White "Pogorelov, Ruslan"]
[Black "Gonzalez Vidal, Yuri"]
[Result "0-1"]
[WhiteElo "2430"]
[BlackElo "2503"]
[PlyCount "72"]
[EventDate "2011.08.19"]
[EventType "swiss"]
[EventRounds "10"]
[EventCountry "ESP"]
[Source "lmi"]
[SourceDate "2011.08.19"]

1. Nf3 c5 2. c4 Nc6 3. d4 cxd4 4. Nxd4 Nf6 5. Nc3 e6 6. a3 Be7 7. e4 O-O 8. Nf3
d6 9. Be2 b6 10. O-O Bb7 11. Bf4 Ng4 12. Nd2 Nge5 13. Re1 g5 14. Be3 Ng6 15.
Nf1 Nce5 16. Qd2 f5 17. exf5 Nh4 18. fxe6 Bxg2 19. Qc2 Qc8 20. Bd4 Bxf1 21.
Bxf1 Nhf3+ 22. Kh1 Nxd4 23. Qd1 Ndf3 24. Nd5 Qxe6 25. Re3 Rf7 26. Bg2 Raf8 27.
Qc2 Bd8 28. Rd1 Qh6 29. h3 Nh4 30. Rd2 Nxg2 31. Kxg2 Nf3 32. Rd1 g4 33. Rh1
gxh3+ 34. Kf1 h2 35. Qd3 Qh3+ 36. Ke2 Qg2 0-1

[Event "13. Open del Sants 2011"]
[Site "Barcelona ESP"]
[Date "2011.08.27"]
[Round "9.18"]
[White "Alonso Rosell, Alvar"]
[Black "Pulvett, Daniel"]
[Result "1/2-1/2"]
[WhiteElo "2502"]
[BlackElo "2303"]
[PlyCount "82"]
[EventDate "2011.08.19"]
[EventType "swiss"]
[EventRounds "10"]
[EventCountry "ESP"]
[Source "lmi"]
[SourceDate "2011.08.19"]

1. c4 Nf6 2. d4 g6 3. Nc3 d5 4. Nf3 Bg7 5. Qb3 dxc4 6. Qxc4 O-O 7. e4 Na6 8. e5
Nd7 9. e6 Nb6 10. exf7+ Kh8 11. Qb3 c5 12. Bxa6 cxd4 13. Be2 dxc3 14. O-O Qd5
15. bxc3 Qxb3 16. axb3 Bxc3 17. Bh6 Rxf7 18. Ng5 Rf5 19. Rfd1 Bd7 20. g4 Bxa1
21. gxf5 Bg7 22. Bxg7+ Kxg7 23. fxg6 hxg6 24. Bf3 Rb8 25. Re1 Nc8 26. Rc1 Bf5
27. Rc7 Kf6 28. Nh7+ Ke5 29. Bxb7 Kd6 30. Rc6+ Kd7 31. Nf8+ Kd8 32. Bxc8 Bxc8
33. Nxg6 Rxb3 34. Rc1 Bf5 35. Ne5 Ke8 36. f3 a5 37. Kf2 Rb5 38. f4 a4 39. Ra1
Bc2 40. Ke3 Bb3 41. h4 Kf8 1/2-1/2

[Event "13. Open del Sants 2011"]
[Site "Barcelona ESP"]
[Date "2011.08.27"]
[Round "9.19"]
[White "Gullaksen, Eirik"]
[Black "Kalegin, Evgenij"]
[Result "1-0"]
[WhiteElo "2376"]
[BlackElo "2477"]
[PlyCount "65"]
[EventDate "2011.08.19"]
[EventType "swiss"]
[EventRounds "10"]
[EventCountry "ESP"]
[Source "lmi"]
[SourceDate "2011.08.19"]

1. e4 c5 2. Nf3 e6 3. d4 cxd4 4. Nxd4 a6 5. Nc3 Qc7 6. Bd3 Nf6 7. f4 d6 8. Nf3
Nbd7 9. O-O b5 10. Qe1 Bb7 11. Bd2 e5 12. Kh1 Be7 13. a4 bxa4 14. Nxa4 O-O 15.
fxe5 dxe5 16. Nh4 g6 17. Bh6 Rfe8 18. Nf5 Bd8 19. Ng3 Nc5 20. Nxc5 Qxc5 21. Qe2
Qc6 22. h3 Re7 23. Rf3 Rc7 24. Raf1 Ne8 25. Bc4 Nd6 26. Bd5 Qe8 27. Bb3 Bh4 28.
Rd3 Rd8 29. Qd2 Nxe4 30. Nxe4 Bxe4 31. Rxd8 Bxd8 32. Qd6 Bf5 33. Re1 1-0

[Event "13. Open del Sants 2011"]
[Site "Barcelona ESP"]
[Date "2011.08.28"]
[Round "10.2"]
[White "Narciso Dublan, Marc"]
[Black "Iturrizaga, Eduardo"]
[Result "1/2-1/2"]
[WhiteElo "2544"]
[BlackElo "2603"]
[PlyCount "81"]
[EventDate "2011.08.19"]
[EventType "swiss"]
[EventRounds "10"]
[EventCountry "ESP"]
[Source "lmi"]
[SourceDate "2011.08.19"]

1. e4 c5 2. Nc3 Nc6 3. g3 g6 4. Bg2 Bg7 5. d3 d6 6. Be3 e5 7. f4 Nge7 8. Nf3
O-O 9. O-O exf4 10. Bxf4 d5 11. exd5 Nxd5 12. Nxd5 Qxd5 13. c3 Bg4 14. h3 Bxf3
15. Qxf3 Qxf3 16. Bxf3 Rad8 17. Be3 Rxd3 18. Bxc5 Rc8 19. Rad1 Rxd1 20. Bxd1 b6
21. Be3 Ne5 22. Be2 Nc4 23. Bc1 b5 24. Rd1 Bf8 25. Kf1 Bc5 26. a4 a6 27. axb5
axb5 28. Rd7 Be3 29. Bxe3 Nxe3+ 30. Kf2 Nc4 31. b3 Ne5 32. Rd5 f6 33. Rxb5 Rxc3
34. Rb7 h5 35. h4 Ng4+ 36. Bxg4 hxg4 37. b4 Rf3+ 38. Kg2 Rb3 39. b5 Rb2+ 40.
Kf1 f5 41. b6 1/2-1/2

[Event "13. Open del Sants 2011"]
[Site "Barcelona ESP"]
[Date "2011.08.28"]
[Round "10.3"]
[White "Jimenez Fraga, Pedro Alejandro"]
[Black "Kovalyov, Anton"]
[Result "1/2-1/2"]
[WhiteElo "2464"]
[BlackElo "2612"]
[PlyCount "154"]
[EventDate "2011.08.19"]
[EventType "swiss"]
[EventRounds "10"]
[EventCountry "ESP"]
[Source "lmi"]
[SourceDate "2011.08.19"]

1. e4 c5 2. Nf3 d6 3. d4 cxd4 4. Nxd4 Nf6 5. Nc3 a6 6. Be2 e5 7. Nb3 Be7 8. O-O
O-O 9. Kh1 b6 10. Be3 Bb7 11. f3 Nbd7 12. a4 Qc7 13. Rf2 Rfc8 14. Bf1 Bc6 15.
Rd2 Qb7 16. Be2 h6 17. Bd3 Bd8 18. Qe2 Nc5 19. Bc4 Nxa4 20. Nxa4 b5 21. Nac5
dxc5 22. Nxc5 Qb8 23. Bd5 a5 24. Rad1 Be7 25. Bxc6 Rxc6 26. Nd7 Nxd7 27. Rxd7
Bf6 28. Qd3 Qe8 29. c3 b4 30. cxb4 axb4 31. Qb3 Be7 32. Qd5 Re6 33. h3 Bf8 34.
Rc1 Ra5 35. Qb7 Re7 36. Qxb4 Rxd7 37. Qxa5 Rb7 38. Qc3 Qb8 39. Rc2 Rb3 40. Qd2
Kh7 41. Bf2 Qb5 42. Qd8 Rxb2 43. Rxb2 Qxb2 44. Qxf8 Qxf2 45. Qxf7 Qc5 46. Kh2
Qd4 47. Kg3 Qb2 48. Qf5+ Kg8 49. h4 Kh8 50. h5 Kg8 51. Kh3 Qd4 52. Qe6+ Kh7 53.
Kg4 Qd2 54. Qg6+ Kh8 55. Kf5 Qf4+ 56. Ke6 Qh2 57. Qg4 Kg8 58. Ke7 Qg1 59. Qe6+
Kh7 60. Qxe5 Qxg2 61. Qf5+ Kh8 62. Kf7 Qa2+ 63. Qe6 Qa7+ 64. Qe7 Qa2+ 65. Qe6
Qa7+ 66. Qe7 Qa2+ 67. Ke8 Qa4+ 68. Kf8 Qa1 69. f4 Kh7 70. e5 Qa8+ 71. Qe8 Qb7
72. e6 Qb4+ 73. Qe7 Qb8+ 74. Qe8 Qb4+ 75. e7 Qxf4+ 76. Qf7 Qb8+ 77. e8=Q Qb4+
1/2-1/2

[Event "13. Open del Sants 2011"]
[Site "Barcelona ESP"]
[Date "2011.08.28"]
[Round "10.4"]
[White "Delgado Ramos, Hector"]
[Black "Cordova, Emilio"]
[Result "1-0"]
[WhiteElo "2488"]
[BlackElo "2567"]
[PlyCount "97"]
[EventDate "2011.08.19"]
[EventType "swiss"]
[EventRounds "10"]
[EventCountry "ESP"]
[Source "lmi"]
[SourceDate "2011.08.19"]

1. d4 Nf6 2. c4 e6 3. Nc3 Bb4 4. a3 Bxc3+ 5. bxc3 O-O 6. e3 b6 7. Bd3 Bb7 8. f3
c5 9. e4 Nc6 10. Ne2 Ne8 11. O-O Na5 12. Ng3 Ba6 13. f4 Bxc4 14. Bxc4 Nxc4 15.
f5 f6 16. Rf4 Qe7 17. Rh4 exf5 18. Nxf5 Qf7 19. Qg4 Kh8 20. Rh3 g6 21. Nh4 Rg8
22. Nf3 Ncd6 23. Bg5 Qe6 24. Qh4 Rg7 25. Bh6 Re7 26. e5 Nf5 27. Qf4 d6 28. Re1
dxe5 29. dxe5 Qf7 30. Rf1 Nxh6 31. Rxh6 Kg8 32. Qh4 Re6 33. Qe4 Qg7 34. Rxh7
Kxh7 35. Qxa8 g5 36. Qe4+ Qg6 37. Qg4 Re7 38. exf6 Nxf6 39. Nxg5+ Kg7 40. Qf4
Nd7 41. h4 Nf6 42. Qd6 Ng8 43. Qb8 Nf6 44. Qf4 Nh7 45. Rf3 Nf6 46. Rg3 Kh8 47.
Nf3 Qb1+ 48. Kh2 Re6 49. Ng5 1-0

[Event "13. Open del Sants 2011"]
[Site "Barcelona ESP"]
[Date "2011.08.28"]
[Round "10.5"]
[White "Perez Mitjans, Orelvis"]
[Black "Alvarez Pedraza, Aramis"]
[Result "0-1"]
[WhiteElo "2452"]
[BlackElo "2551"]
[PlyCount "70"]
[EventDate "2011.08.19"]
[EventType "swiss"]
[EventRounds "10"]
[EventCountry "ESP"]
[Source "lmi"]
[SourceDate "2011.08.19"]

1. e4 e6 2. d3 d5 3. Nd2 Nf6 4. Ngf3 Nc6 5. e5 Nd7 6. d4 f6 7. exf6 Qxf6 8. c3
Bd6 9. Bb5 O-O 10. Nf1 e5 11. Bg5 Qg6 12. Qd2 h6 13. Be3 Qxg2 14. Rg1 Qxf3 15.
Bxh6 Rf7 16. Rg3 Qe4+ 17. Kd1 Qh7 18. Qg5 e4 19. Rg1 Bf4 20. Qxf4 Rxf4 21. Bxf4
Nf6 22. Ne3 Bd7 23. Be2 Rf8 24. Rg5 Qh4 25. Ng2 Qh3 26. Rg3 Qf5 27. Rg5 Qh7 28.
Ne3 Nd8 29. Rg2 Nh5 30. Be5 Nf4 31. Rg5 Nde6 32. Rg3 Qxh2 33. Bg4 Qh1+ 34. Kc2
Qxa1 35. Nxd5 Ba4+ 0-1